| 000 | 007350000a22002410004500 | ||
|---|---|---|---|
| 001 | 49005 | ||
| 010 | _a84-402-2032-4 | ||
| 100 | _a20100630d2010 k y0pory5003 ba | ||
| 101 | 0 | _apor | |
| 102 | _aES | ||
| 200 | 1 |
_a20.000 léguas submarinas _fJules Verne _grev. de Paulo Pina |
|
| 210 |
_aBarcelona _cOrbis _d1996 |
||
| 215 |
_a42 p. _cil. |
||
| 225 | 2 | _aGrandes clássicos de aventuias | |
| 606 |
_92153 _aLiteratura para crianças e jovens |
||
| 675 |
_a087.5 _vBN _zpor |
||
| 675 |
_a821.133.1-311.6 _zpor _vBN |
||
| 700 | 1 |
_946735 _aVerne _bJules _f1828-1905 |
|
| 702 | 1 |
_936623 _4640 _aPina _bPaulo |
|
| 801 |
_aPT _c20100630 |
||
| 090 | _a49005 | ||
| 942 |
_cMON _n0 |
||
| 999 | _a49005 | ||